[Event "Barcelona Sant Marti op 05th"]
[Site "Barcelona"]
[Date "2003.06.14"]
[Round "8.13"]
[White "Gonzalez Rodriguez, Jose Antonio"]
[Black "Farre, Francisco"]
[Result "1-0"]
[WhiteElo "1995"]
[BlackElo "1890"]
[PlyCount "53"]
[EventDate "2003.04.26"]
[EventType "swiss"]
[EventRounds "9"]
[EventCountry "ESP"]
[SourceTitle "EXT 2004"]
[Source "ChessBase"]
[SourceDate "2003.11.25"]
[SourceVersion "1"]
[SourceVersionDate "2003.11.25"]
[SourceQuality "1"]

1. d4 Nf6 2. c4 e6 3. Nf3 d5 4. Bg5 c5 5. e3 Qa5+ 6. Nbd2 Ne4 7. Bf4 cxd4 8. exd4 Bb4 9. a3 Bxd2+ 10. Nxd2 dxc4 11. Bxc4 b5 12. b4 Qb6 13. Nxe4 bxc4 14. Nd6+ Kd7 15. Nxf7 Rf8 16. Ne5+ Ke7 17. Bg5+ Ke8 18. Qh5+ g6 19. Qxh7 Qb7 20. Qxg6+ Rf7 21. 0-0 Qc7 22. Rac1 Bb7 23. Qxe6+ Kf8 24. Rxc4 Nc6 25. b5 Re8 26. Bh6+ Rg7 27. Ng6# 1-0

[Event "Barcelona Sant Marti op 05th"]
[Site "Barcelona"]
[Date "2003.05.31"]
[Round "6.15"]
[White "Farre, Francisco"]
[Black "Almeida Toledano, Daniel"]
[Result "0-1"]
[WhiteElo "1890"]
[BlackElo "1970"]
[PlyCount "108"]
[EventDate "2003.04.26"]
[EventType "swiss"]
[EventRounds "9"]
[EventCountry "ESP"]
[SourceTitle "EXT 2004"]
[Source "ChessBase"]
[SourceDate "2003.11.25"]
[SourceVersion "1"]
[SourceVersionDate "2003.11.25"]
[SourceQuality "1"]

1. e4 e6 2. d4 d5 3. Nc3 Nf6 4. Bg5 Bb4 5. e5 h6 6. Be3 Ne4 7. Nge2 c5 8. a3 Nxc3 9. bxc3 cxd4 10. Bxd4 Ba5 11. Nf4 Nc6 12. Bb5 0-0 13. 0-0 Nxd4 14. cxd4 f5 15. Rb1 a6 16. Bd3 b5 17. Qh5 Qg5 18. Qxg5 hxg5 19. Ne2 Rf7 20. f4 g4 21. c3 Rc7 22. Rb3 Bd7 23. Rc1 Kf7 24. Kf2 Rh8 25. Kg1 Bc6 26. Rc2 Rcc8 27. Nc1 g5 28. fxg5 Kg6 29. g3 Bd8 30. Na2 Bxg5 31. Nb4 Bb7 32. Bf1 Be3+ 33. Kh1 a5 34. Re2 a4 35. Rb1 Rxc3 36. Rxe3 Rxe3 37. Bxb5 Rxg3 38. Rc1 Rgh3 39. Nd3 Rxh2+ 40. Kg1 Rh1+ 41. Kf2 R8h2+ 42. Ke3 Rxc1 43. Nxc1 Rh3+ 44. Kd2 Rxa3 45. Nd3 Rxd3+ 46. Bxd3 Kg5 47. Bb5 a3 48. Kc2 g3 49. Bf1 Ba6 50. Bg2 Bc4 51. Kc3 Kf4 52. Kc2 Ke3 53. Kc3 f4 54. Bh3 a2 0-1

[Event "Barcelona Sant Marti op 05th"]
[Site "Barcelona"]
[Date "2003.05.24"]
[Round "5.13"]
[White "Penalver Guardia, Josep"]
[Black "Farre, Francisco"]
[Result "1/2-1/2"]
[WhiteElo "2000"]
[BlackElo "1890"]
[PlyCount "107"]
[EventDate "2003.04.26"]
[EventType "swiss"]
[EventRounds "9"]
[EventCountry "ESP"]
[SourceTitle "EXT 2004"]
[Source "ChessBase"]
[SourceDate "2003.11.25"]
[SourceVersion "1"]
[SourceVersionDate "2003.11.25"]
[SourceQuality "1"]

1. c4 e5 2. g3 Nf6 3. Bg2 Nc6 4. Nc3 Bc5 5. e3 0-0 6. a3 a5 7. d3 d6 8. Nge2 Bd7 9. Nd5 Nxd5 10. cxd5 Ne7 11. Nc3 c6 12. 0-0 cxd5 13. Nxd5 Nxd5 14. Bxd5 Bc6 15. Qf3 Qd7 16. Bd2 a4 17. Rac1 Bxd5 18. Qxd5 Qc6 19. Qc4 b5 20. Qh4 Qd5 21. Qe4 Qxe4 22. dxe4 Rfc8 23. Rfd1 Rc6 24. Kf1 f6 25. Ke2 Kf7 26. h4 Rac8 27. h5 Ke6 28. f4 f5 29. exf5+ Kxf5 30. g4+ Kxg4 31. Rg1+ Kf5 32. Rxg7 exf4 33. exf4 Bd4 34. Rg5+ Ke4 35. Rxc6 Rxc6 36. Rxb5 Rc2 37. Rb4 Rxb2 38. Rxa4 Kd5 39. Kd3 Rb3+ 40. Kc2 Rh3 41. Ra5+ Bc5 42. Ra8 Bxa3 43. h6 Bc5 44. f5 Ke5 45. Rf8 d5 46. Rf7 Rf3 47. f6 Rxf6 48. Rxh7 Rf2 49. Kd3 Rf3+ 50. Ke2 Rh3 51. Rg7 Ke4 52. Rg2 d4 53. Rg4+ Kd5 54. Kf1 1/2-1/2

[Event "Barcelona Sant Marti op 05th"]
[Site "Barcelona"]
[Date "2003.05.03"]
[Round "2.17"]
[White "Farre, Francisco"]
[Black "Zapata Rios, Juan Jose"]
[Result "1/2-1/2"]
[WhiteElo "1890"]
[BlackElo "2005"]
[PlyCount "54"]
[EventDate "2003.04.26"]
[EventType "swiss"]
[EventRounds "9"]
[EventCountry "ESP"]
[SourceTitle "EXT 2004"]
[Source "ChessBase"]
[SourceDate "2003.11.25"]
[SourceVersion "1"]
[SourceVersionDate "2003.11.25"]
[SourceQuality "1"]

1. e4 e5 2. Nf3 Nc6 3. Bb5 a6 4. Ba4 Nf6 5. d3 b5 6. Bb3 Be7 7. Nbd2 0-0 8. Nf1 d5 9. Qe2 dxe4 10. dxe4 Nd4 11. Nxd4 Qxd4 12. Ng3 Bg4 13. f3 Bd7 14. c3 Qb6 15. Be3 Bc5 16. Kf2 a5 17. Rhd1 a4 18. Bc2 Be6 19. Rd2 Rad8 20. Rad1 Rxd2 21. Rxd2 Bc4 22. Bxc5 Qxc5+ 23. Qe3 Qxe3+ 24. Kxe3 Bxa2 25. Nf5 Re8 26. Ke2 g6 27. Ne3 c6 1/2-1/2